[Event "HUN-chT 2017-18"]
[Site "Budapest"]
[Date "2018.05.05"]
[Round "8"]
[White "Konnyu, Janos"]
[Black "Kozak, Adam"]
[Result "0-1"]
[WhiteElo "2350"]
[BlackElo "2447"]
[Annotator "TA"]
[PlyCount "66"]
[EventDate "2018.??.??"]
[EventType "team-tourn"]
[EventCountry "HUN"]
[SourceTitle "playchess.com"]
[Source "ChessBase"]
[SourceQuality "1"]

{[%evp 13,66,-8,4,0,-2,-24,-13,-17,-8,-16,19,26,57,26,81,69,81,26,85,73,74,-113,-104,-133,-111,-166,-167,-247,-186,-176,-115,-235,-175,-229,-212,-264,-270,-263,-216,-416,-304,-294,-272,-312,-335,-902,-887,-1326,-1263,-908,-456,-446,-432,-429,-405]} 1. e4 e5 2. Nf3 Nc6 3. d4 exd4 4. Nxd4 Nf6 5. Nxc6 bxc6 6. Qe2 {C45: Scotch Game} (6. e5 Qe7 7. Qe2 Nd5 8. h4 Bb7 9. c4 Nb6 10. Rh3 Qe6 11. f4 O-O-O 12. a4 d5 13. a5 Nxc4 14. b3 Bb4+ 15. Kf2 Nxa5 16. Bd2 {½-½ (73) Nakamura,H (2781)-Carlsen,M (2837) London 2017}) 6... d6 7. Nc3 Be7 {LiveBook: 22 Games} 8. Bd2 {The position is equal.} O-O $146 ({Predecessor:} 8... a5 9. h3 Ba6 10. Qf3 Bxf1 11. Rxf1 Qb8 12. O-O-O Nd7 13. Qg4 Bf6 {1-0 (51) De Arruda Filho,N (1951)-Junqueira,L (1456) Brasilia 2017}) 9. O-O-O Re8 10. h3 Nd7 11. g4 Bf6 12. f4 Bb7 13. Bg2 Rb8 (13... Bd4 $11) 14. g5 Bd4 15. h4 ({White should play} 15. Qd3 $16 c5 16. b3) 15... c5 (15... Nc5 $11 {keeps the balance.}) 16. Qd3 $1 $16 Qc8 17. g6 $2 (17. h5 $16 {and life is bright.}) 17... fxg6 $17 18. h5 gxh5 {And now ...Nf6 would win.} 19. Rxh5 (19. Rde1 $17) 19... Nf6 $1 $19 {[%cal Rf6h5]} 20. Rh2 {[#]} (20. Rhh1 {was necessary.}) 20... Bxe4 $1 {[%mdl 512]} 21. Bxe4 (21. Nxe4 Bxb2+) 21... Rxe4 ({Black should try} 21... Nxe4 $19 22. Rdh1 Qb7) 22. Rdh1 (22. Nxe4 Bxb2+ 23. Kb1 Bc3+ 24. Qb5 Rxb5+ 25. Kc1 Rb1+ $1 {[%mdl 512]} 26. Kxb1 Qb8+ 27. Kc1 Qb2#) (22. b3 $17 Bxc3 23. Bxc3) 22... Qe6 23. Rxh7 (23. b3 $142 Bxc3 24. Qxc3) 23... Nxh7 24. Nxe4 Bxb2+ ({Don't play} 24... Qxa2 25. Kd1 $19) 25. Kd1 Qg4+ ({And not} 25... Qxa2 26. Rxh7 $1 {[%mdl 512]} Re8 27. Bc1 $16) 26. Ke1 $2 (26. Qe2 Qf5 27. Ng3) 26... Re8 27. Kf1 Bd4 ({Weaker is} 27... c4 28. Qxc4+ Qe6 29. Qxe6+ Rxe6 30. Nf2 $17) 28. c3 {[#]} Nf6 $1 {[%cal Rf6e4]} 29. Qc4+ $2 {[#]} (29. Nxf6+ Bxf6 30. Qd5+ Qe6 31. Qxe6+ Rxe6 32. Kf2) 29... Re6 $1 {( -> ...Qf3+). Black is clearly winning.} 30. Nxf6+ Bxf6 31. Qd5 c6 32. Qh5 Qxh5 33. Rxh5 Re4 {Precision: White = 29%, Black = 58%.} 0-1

[Event "HUN-chT 2017-18"]
[Site "Budapest"]
[Date "2018.05.05"]
[Round "8"]
[White "Farkas, Tibor"]
[Black "Gonda, Laszlo"]
[Result "1/2-1/2"]
[WhiteElo "2333"]
[BlackElo "2533"]
[Annotator "TA"]
[PlyCount "47"]
[EventDate "2018.??.??"]
[EventType "team-tourn"]
[EventCountry "HUN"]
[SourceTitle "playchess.com"]
[Source "ChessBase"]
[SourceQuality "1"]

{[%evp 23,47,15,5,15,9,0,30,-5,-14,4,-20,-1,41,59,46,41,51,48,61,67,54,0,0,0,45,0]} 1. e4 c5 2. Nf3 Nc6 3. d4 cxd4 4. Nxd4 Qb6 5. Nb3 Nf6 6. Nc3 e6 7. Qe2 Bb4 8. Bd2 O-O 9. a3 {B33: Sicilian: Pelikan and Sveshnikov Variations} (9. O-O-O d5 10. exd5 exd5 11. Be3 Qc7 12. Nb5 Qd8 13. f3 a6 14. N5d4 Re8 15. Qf2 Ne5 16. Bd2 Bd6 17. Kb1 a5 18. Bb5 a4 {½-½ (76) Amonatov,F (2620)-Korobov,A (2692) Doha 2016}) 9... Bxc3 10. Bxc3 e5 11. O-O-O a5 12. Kb1 Rd8 {LiveBook: 3 Games} 13. Rd6 Ne8 $1 {[%cal Re8d6]} 14. Rd5 $146 ({Predecessor:} 14. Rd1 d6 15. Nd2 Be6 16. Qe3 Qc7 {0-1 (31) Shyam,N (2421)-Azarov,S (2581) Abu Dhabi 2016}) 14... d6 15. Rb5 Qc7 16. Qe3 Nf6 17. f4 Bd7 18. fxe5 dxe5 19. Bd3 a4 20. Nd2 $1 Nd4 21. Rb4 $1 Nc6 22. Rb5 Nd4 $1 23. Rb4 $1 Nc6 $1 {[%cal Rc6b4]} 24. Rb5 1/2-1/2

[Event "HUN-chT 2017-18"]
[Site "Budapest"]
[Date "2018.05.05"]
[Round "8"]
[White "Papp, Petra"]
[Black "Szalai, Kornel"]
[Result "1/2-1/2"]
[WhiteElo "2333"]
[BlackElo "2393"]
[Annotator "ChessBase"]
[PlyCount "138"]
[EventDate "2018.??.??"]
[EventType "team-tourn"]
[EventCountry "HUN"]
[SourceTitle "playchess.com"]
[Source "ChessBase"]
[SourceQuality "1"]
[TimeControl "40/5400+30:1800+30"]

1. e4 {[%emt 0:00:03]} e6 {[%emt 0:00:44]} 2. d4 {[%emt 0:00:27]} d5 {[%emt 0:00:08]} 3. Nc3 {[%emt 0:00:18]} Bb4 {[%emt 0:00:33]} 4. e5 {[%emt 0:01:29]} c5 {[%emt 0:10:26]} 5. a3 {[%emt 0:00:18]} Bxc3+ {[%emt 0:00:07]} 6. bxc3 {[%emt 0:00:15]} Qa5 {[%emt 0:00:04]} 7. Bd2 {[%emt 0:00:44]} Qa4 {[%emt 0:01:00]} 8. Qg4 {[%emt 0:02:07]} Kf8 {[%emt 0:00:50]} 9. Nf3 {[%emt 0:00:55]} Ne7 {[%emt 0:00:43]} 10. h3 {[%emt 0:11:38]} Qxc2 {[%emt 0:10:21]} 11. dxc5 {[%emt 0:19:21]} Nd7 {[%emt 0:05:06]} 12. Be2 {[%emt 0:17:03]} Nc6 {[%emt 0:23:31]} 13. Rc1 {[%emt 0:12:16]} Qe4 {[%emt 0:07:49]} 14. Ng5 {[%emt 0:06:06]} Qg6 {[%emt 0:10:57]} 15. f4 {[%emt 0:04:37]} Nxc5 {[%emt 0:04:31]} 16. O-O {[%emt 0:01:43]} h6 {[%emt 0:06:12]} 17. Nf3 {[%emt 0:05:25]} Qxg4 {[%emt 0:02:14]} 18. hxg4 {[%emt 0:00:02]} Nb3 {[%emt 0:01:02]} 19. Rcd1 {[%emt 0:00:14]} Nxd2 {[%emt 0:00:27]} 20. Rxd2 {[%emt 0:00:07]} Ke7 {[%emt 0:00:14]} 21. Nd4 {[%emt 0:02:36]} Bd7 {[%emt 0:01:19]} 22. Nxc6+ {[%emt 0:01:21]} Bxc6 {[%emt 0:01:02]} 23. f5 {[%emt 0:00:20]} Rac8 {[%emt 0:02:36]} 24. Rd4 {[%emt 0:03:10]} Bd7 {[%emt 0:05:13]} 25. c4 {[%emt 0:01:37]} Rc5 {[%emt 0:01:05]} 26. cxd5 {[%emt 0:02:36]} Rxd5 {[%emt 0:00:11]} 27. Rxd5 {[%emt 0:02:01]} exd5 {[%emt 0:00:05]} 28. Rd1 {[%emt 0:00:55]} Bc6 {[%emt 0:02:20]} 29. Kf2 {[%emt 0:00:30]} Rd8 {[%emt 0:01:05]} 30. Rd4 {[%emt 0:00:34]} Kd7 {[%emt 0:00:40]} 31. Ke3 {[%emt 0:01:05]} Re8 {[%emt 0:00:11]} 32. Kf4 {[%emt 0:01:42]} g5+ {[%emt 0:00:04]} 33. fxg6 {[%emt 0:00:22]} fxg6 {[%emt 0:00:04]} 34. Bd3 {[%emt 0:00:05]} Rf8+ {[%emt 0:01:06]} 35. Ke3 {[%emt 0:01:38]} Ke6 {[%emt 0:00:16]} 36. g5 {[%emt 0:00:59]} hxg5 {[%emt 0:01:35]} 37. Rg4 {[%emt 0:00:02]} Kxe5 {[%emt 0:01:14]} 38. Rxg5+ {[%emt 0:00:03]} Kd6 {[%emt 0:00:11]} 39. Rxg6+ {[%emt 0:01:25]} Kc5 {[%emt 0:00:07]} 40. g4 {[%emt 0:00:00]} d4+ {[%emt 0:02:18]} 41. Ke2 {[%emt 0:02:49]} Re8+ {[%emt 0:06:03]} 42. Kd2 {[%emt 0:02:33]} Re3 {[%emt 0:13:00]} 43. Rg5+ {[%emt 0:08:35]} Kd6 {[%emt 0:00:42]} 44. Rg8 {[%emt 0:03:59]} Rg3 {[%emt 0:04:59]} 45. g5 {[%emt 0:00:46]} Rg2+ {[%emt 0:00:38]} 46. Kc1 {[%emt 0:01:10]} Ke7 {[%emt 0:05:48]} 47. g6 {[%emt 0:01:28]} Rg5 {[%emt 0:00:25]} 48. Rg7+ {[%emt 0:02:07]} Kd6 {[%emt 0:00:57]} 49. Rh7 {[%emt 0:03:57]} Bd5 {[%emt 0:00:12]} 50. Rh4 {[%emt 0:03:05]} Kc5 {[%emt 0:00:05]} 51. Rh8 {[%emt 0:00:32]} a6 {[%emt 0:00:33]} 52. Rc8+ {[%emt 0:00:36]} Kd6 {[%emt 0:00:34]} 53. Rd8+ {[%emt 0:00:26]} Kc6 {[%emt 0:00:07]} 54. Rc8+ {[%emt 0:01:01]} Kd7 {[%emt 0:00:51]} 55. Rf8 {[%emt 0:00:24]} Kd6 {[%emt 0:00:29]} 56. Rd8+ {[%emt 0:00:32]} Kc5 {[%emt 0:00:06]} 57. Rc8+ {[%emt 0:00:11]} Bc6 {[%emt 0:00:04]} 58. Rg8 {[%emt 0:01:41]} Bb5 {[%emt 0:00:19]} 59. g7 {[%emt 0:04:03]} Bc6 {[%emt 0:00:35]} 60. Kd2 {[%emt 0:00:55]} Bd5 {[%emt 0:01:11]} 61. Rc8+ {[%emt 0:00:16]} Kd6 {[%emt 0:01:13]} 62. Be4 {[%emt 0:01:13]} Be6 {[%emt 0:00:38]} 63. Rd8+ {[%emt 0:00:12]} Ke5 {[%emt 0:00:43]} 64. Bxb7 {[%emt 0:00:33]} Rxg7 {[%emt 0:00:24]} 65. Bxa6 {[%emt 0:00:25]} Ra7 {[%emt 0:00:03]} 66. Bd3 {[%emt 0:00:27]} Rxa3 {[%emt 0:00:13]} 67. Re8 {[%emt 0:00:25]} Ra2+ {[%emt 0:00:22]} 68. Ke1 {[%emt 0:00:33]} Ra3 {[%emt 0:00:04]} 69. Kd2 {[%emt 0:00:12]} Ra2+ {[%emt 0:00:08]} 1/2-1/2

[Event "HUN-chT 2017-18"]
[Site "Budapest"]
[Date "2018.05.05"]
[Round "8"]
[White "Polyik, Peter"]
[Black "Bagi, Mate"]
[Result "0-1"]
[WhiteElo "2316"]
[BlackElo "2428"]
[Annotator "TA"]
[PlyCount "64"]
[EventDate "2018.??.??"]
[EventType "team-tourn"]
[EventCountry "HUN"]
[SourceTitle "playchess.com"]
[Source "ChessBase"]
[SourceQuality "1"]

{[%evp 19,64,39,41,18,15,17,35,24,49,22,12,-4,49,10,16,0,49,37,60,9,10,14,18,3,35,32,10,9,43,0,-32,-88,-83,-128,-122,-127,-103,-124,-124,-1133,-1164,-29984,-29984,-29974,-6329,-29997,-29998]} 1. d4 Nf6 2. c4 g6 3. Nf3 Bg7 4. e3 O-O 5. Be2 c5 (5... d6 6. Nc3 Nc6 7. d5 Nb4 8. a3 Na6 9. Nd4 e5 10. dxe6 fxe6 11. O-O e5 12. Nb3 c6 13. e4 Nc7 14. f4 Ne6 {½-½ (59) Caruana,F (2784)-Carlsen,M (2843) Karlsruhe/Baden-Baden 2018}) 6. d5 {E60: King's Indian: Unusual lines and Fianchetto Variation without Nc3} e6 7. Nc3 exd5 8. cxd5 d6 9. O-O Re8 10. Nd2 Nbd7 {LiveBook: 16 Games} 11. Re1 a6 12. a4 Rb8 13. h3 h6 $146 14. Qc2 Nh7 15. e4 g5 (15... Ng5 $11) 16. Nc4 Ne5 17. Ne3 Nf6 18. Ra3 Ng6 19. Bf1 ({Better is} 19. a5 $14) 19... g4 $11 20. hxg4 Nxg4 21. Nxg4 Bxg4 22. Nd1 Bd7 23. a5 f5 {[%cal Bf7f5,Bf5f4][%mdl 32]} 24. Rg3 (24. Bd2 $14) 24... Qf6 $15 25. Bd2 (25. Bd3 $15) 25... f4 $17 26. Ra3 Ne5 27. f3 Kh8 28. Nf2 Rg8 29. Nd3 $2 {[%mdl 8192] [#]} (29. Rc1 $17) 29... Nxf3+ $1 $19 {[%mdl 512]} 30. gxf3 {[#]} Qh4 $1 {[%cal Rg7d4]} 31. Bg2 Bd4+ 32. Kf1 {[#]} Rxg2 $1 {[%mdl 512] Precision: White = 36%, Black = 73%.} 0-1

[Event "HUN-chT 2017-18"]
[Site "Budapest"]
[Date "2018.05.05"]
[Round "8"]
[White "Kecskemeti, Arpad"]
[Black "Balint, Vilmos"]
[Result "0-1"]
[WhiteElo "2308"]
[BlackElo "2237"]
[Annotator "ChessBase"]
[PlyCount "130"]
[EventDate "2018.??.??"]
[EventType "team-tourn"]
[EventCountry "HUN"]
[SourceTitle "playchess.com"]
[Source "ChessBase"]
[SourceQuality "1"]
[TimeControl "40/5400+30:1800+30"]

1. e4 {[%emt 0:00:03]} e6 {[%emt 0:00:45]} 2. d4 {[%emt 0:00:18]} d5 {[%emt 0:00:36]} 3. Nc3 {[%emt 0:01:01]} Bb4 {[%emt 0:00:21]} 4. e5 {[%emt 0:00:59]} Ne7 {[%emt 0:00:07]} 5. a3 {[%emt 0:06:02]} Bxc3+ {[%emt 0:00:20]} 6. bxc3 {[%emt 0:00:06]} b6 {[%emt 0:00:05]} 7. Qg4 {[%emt 0:02:17]} Ng6 {[%emt 0:00:06]} 8. h4 {[%emt 0:04:01]} h5 {[%emt 0:00:22]} 9. Qg3 {[%emt 0:01:23]} Ba6 {[%emt 0:00:42]} 10. Nf3 {[%emt 0:07:21]} Bxf1 {[%emt 0:01:26]} 11. Kxf1 {[%emt 0:01:45]} Nc6 {[%emt 0:08:31]} 12. Ng5 {[%emt 0:16:28]} Qd7 {[%emt 0:06:52]} 13. a4 {[%emt 0:09:03]} Na5 {[%emt 0:05:01]} 14. Qd3 {[%emt 0:06:33]} Nc4 {[%emt 0:01:37]} 15. g3 {[%emt 0:01:22]} Ne7 {[%emt 0:01:46]} 16. Kg2 {[%emt 0:04:15]} f6 {[%emt 0:09:24]} 17. exf6 {[%emt 0:01:25]} gxf6 {[%emt 0:00:05]} 18. Ne4 {[%emt 0:00:23]} dxe4 {[%emt 0:23:49]} 19. Qxc4 {[%emt 0:00:15]} Qd5 {[%emt 0:01:00]} 20. Qe2 {[%emt 0:06:51]} O-O-O {[%emt 0:03:49]} 21. Re1 {[%emt 0:06:21]} e3+ {[%emt 0:03:08]} 22. f3 {[%emt 0:03:35]} Rhg8 {[%emt 0:04:49]} 23. Bxe3 {[%emt 0:03:55]} Nf5 {[%emt 0:00:39]} 24. Bf4 {[%emt 0:00:27]} e5 {[%emt 0:09:34]} 25. dxe5 {[%emt 0:03:06]} Nxh4+ {[%emt 0:00:37]} 26. Kf2 {[%emt 0:01:21]} Ng6 {[%emt 0:05:15]} 27. Rad1 {[%emt 0:07:07]} Qc5+ {[%emt 0:02:58]} 28. Qe3 {[%emt 0:01:44]} Qxe3+ {[%emt 0:03:48]} 29. Bxe3 {[%emt 0:00:24]} Rxd1 {[%emt 0:02:07]} 30. Rxd1 {[%emt 0:00:06]} Nxe5 {[%emt 0:00:03]} 31. Rh1 {[%emt 0:01:55]} Rh8 {[%emt 0:01:34]} 32. g4 {[%emt 0:00:30]} h4 {[%emt 0:00:22]} 33. g5 {[%emt 0:00:46]} Rh5 {[%emt 0:03:30]} 34. gxf6 {[%emt 0:02:10]} Rf5 {[%emt 0:00:07]} 35. f4 {[%emt 0:00:24]} Ng6 {[%emt 0:00:30]} 36. Kf3 {[%emt 0:00:56]} Rxf6 {[%emt 0:00:04]} 37. Kg4 {[%emt 0:00:36]} Rc6 {[%emt 0:01:54]} 38. Bd4 {[%emt 0:00:20]} Rc4 {[%emt 0:00:32]} 39. f5 {[%emt 0:01:07]} Ne5+ {[%emt 0:00:43]} 40. Kg5 {[%emt 0:00:00]} Nf3+ {[%emt 0:00:24]} 41. Kg6 {[%emt 0:03:03]} c5 {[%emt 0:02:59]} 42. Rh3 {[%emt 0:05:32]} Nxd4 {[%emt 0:10:36]} 43. cxd4 {[%emt 0:00:11]} Rxd4 {[%emt 0:00:07]} 44. f6 {[%emt 0:01:34]} Kd7 {[%emt 0:03:03]} 45. f7 {[%emt 0:10:05]} Rg4+ {[%emt 0:00:21]} 46. Kf5 {[%emt 0:04:08]} Rg2 {[%emt 0:00:06]} 47. Rxh4 {[%emt 0:08:33]} Ke7 {[%emt 0:00:51]} 48. Ke5 {[%emt 0:01:10]} Rxc2 {[%emt 0:08:09]} 49. Rh8 {[%emt 0:00:55]} Re2+ {[%emt 0:02:48]} 50. Kd5 {[%emt 0:00:10]} Rd2+ {[%emt 0:01:21]} 51. Kc6 {[%emt 0:00:08]} Rd6+ {[%emt 0:03:43]} 52. Kb7 {[%emt 0:00:52]} Kxf7 {[%emt 0:00:25]} 53. Kxa7 {[%emt 0:00:15]} Ke6 {[%emt 0:00:29]} 54. Rh6+ {[%emt 0:00:51]} Kd5 {[%emt 0:00:03]} 55. Rxd6+ {[%emt 0:00:36]} Kxd6 {[%emt 0:00:05]} 56. Kxb6 {[%emt 0:00:03]} c4 {[%emt 0:00:02]} 57. a5 {[%emt 0:00:13]} c3 {[%emt 0:00:05]} 58. a6 {[%emt 0:00:04]} c2 {[%emt 0:00:02]} 59. a7 {[%emt 0:00:06]} c1=Q {[%emt 0:00:09]} 60. a8=Q {[%emt 0:00:08]} Qb2+ {[%emt 0:01:09]} 61. Ka6 {[%emt 0:00:25]} Qa3+ {[%emt 0:00:34]} 62. Kb7 {[%emt 0:00:04]} Qb4+ {[%emt 0:00:05]} 63. Kc8 {[%emt 0:01:53]} Qc5+ {[%emt 0:00:55]} 64. Kb7 {[%emt 0:00:13]} Qb5+ {[%emt 0:00:21]} 65. Ka7 {[%emt 0:00:11]} Kc7 {[%emt 0:00:23]} 0-1

[Event "HUN-chT 2017-18"]
[Site "Budapest"]
[Date "2018.05.05"]
[Round "8"]
[White "Krstulovic, Alex"]
[Black "Juhasz, Agoston"]
[Result "1-0"]
[WhiteElo "2290"]
[BlackElo "2182"]
[Annotator "NA"]
[PlyCount "69"]
[EventDate "2018.??.??"]
[EventType "team-tourn"]
[EventCountry "HUN"]
[SourceTitle "playchess.com"]
[Source "ChessBase"]
[SourceQuality "1"]
[TimeControl "40/5400+30:1800+30"]

1. d4 {[%emt 0:00:28]} d5 {[%emt 0:01:04]} 2. c4 {[%emt 0:00:27]} c6 {[%emt 0:00:22]} 3. Nf3 {[%emt 0:00:32]} Nf6 {[%emt 0:00:10]} 4. g3 {[%emt 0:00:11]} Bf5 {[%emt 0:01:19]} 5. Nc3 {[%emt 0:00:13]} dxc4 {[%emt 0:05:00]} 6. Bg2 {[%emt 0:11:02]} e6 {[%emt 0:08:31]} 7. Ne5 {[%emt 0:05:39]} Nbd7 {[%emt 0:16:39]} 8. Nxc4 {[%emt 0:00:29]} Be7 {[%emt 0:02:48]} 9. O-O {[%emt 0:02:19]} Rc8 {[%emt 0:06:25]} 10. e4 {[%emt 0:11:34]} Bg6 {[%emt 0:01:08]} 11. Bf4 {[%emt 0:02:44]} Nb6 {[%emt 0:04:56]} 12. Ne5 {[%emt 0:02:08]} O-O {[%emt 0:02:48]} 13. Qd3 {[%emt 0:11:53]} c5 {[%emt 0:08:48]} 14. Nxg6 {[%emt 0:01:14]} hxg6 {[%emt 0:00:08]} 15. d5 {[%emt 0:00:12]} c4 {[%emt 0:01:29]} 16. Qd2 {[%emt 0:00:32]} exd5 {[%emt 0:01:39]} 17. exd5 {[%emt 0:00:15]} Bd6 {[%emt 0:02:31]} 18. Rad1 {[%emt 0:02:04]} a6 {[%emt 0:04:18]} 19. Bh3 {[%emt 0:05:04]} Rc7 {[%emt 0:04:12]} 20. Rfe1 {[%emt 0:11:31]} Re7 {[%emt 0:01:53]} 21. Rxe7 {[%emt 0:01:48]} Qxe7 {[%emt 0:00:08]} 22. Qd4 {[%emt 0:00:23]} Qc7 {[%emt 0:04:38]} 23. Bg5 {[%emt 0:01:47]} Be5 {[%emt 0:01:21]} 24. d6 {[%emt 0:01:29]} Bxd4 {[%emt 0:03:03]} 25. dxc7 {[%emt 0:00:06]} Be5 {[%emt 0:05:52]} 26. Bf4 {[%emt 0:00:07]} Bxf4 {[%emt 0:01:28]} 27. gxf4 {[%emt 0:00:08]} Nh5 {[%emt 0:03:52]} 28. Rd8 {[%emt 0:00:26]} Nxf4 {[%emt 0:02:18]} 29. Rxf8+ {[%emt 0:00:11]} Kxf8 {[%emt 0:00:03]} 30. c8=Q+ {[%emt 0:00:12]} Nxc8 {[%emt 0:00:09]} 31. Bxc8 {[%emt 0:00:07]} b5 {[%emt 0:00:55]} 32. Bxa6 {[%emt 0:00:38]} b4 {[%emt 0:00:07]} 33. Na4 {[%emt 0:00:28]} Ne2+ {[%emt 0:01:26]} 34. Kf1 {[%emt 0:00:09]} c3 {[%emt 0:01:10]} 35. Kxe2 {[%emt 0:00:09]} 1-0

[Event "HUN-chT 2017-18"]
[Site "Budapest"]
[Date "2018.05.05"]
[Round "8"]
[White "Kokeny, Norbert Adrian"]
[Black "Juhasz, Barbara"]
[Result "1/2-1/2"]
[WhiteElo "2284"]
[BlackElo "2234"]
[Annotator "NA"]
[PlyCount "73"]
[EventDate "2018.??.??"]
[EventType "team-tourn"]
[EventCountry "HUN"]
[SourceTitle "playchess.com"]
[Source "ChessBase"]
[SourceQuality "1"]
[TimeControl "40/5400+30:1800+30"]

1. Nf3 {[%emt 0:00:04]} Nf6 {[%emt 0:00:41]} 2. g3 {[%emt 0:00:06]} g6 {[%emt 0:00:14]} 3. b3 {[%emt 0:00:03]} Bg7 {[%emt 0:00:39]} 4. Bb2 {[%emt 0:00:07]} O-O {[%emt 0:00:27]} 5. Bg2 {[%emt 0:00:09]} d6 {[%emt 0:00:54]} 6. d4 {[%emt 0:00:05]} c5 {[%emt 0:01:07]} 7. e3 {[%emt 0:07:58]} Ne4 {[%emt 0:14:10]} 8. O-O {[%emt 0:02:09]} Nc6 {[%emt 0:01:47]} 9. Nbd2 {[%emt 0:01:07]} d5 {[%emt 0:04:58]} 10. Ne5 {[%emt 0:08:48]} Nxe5 {[%emt 0:32:22]} 11. dxe5 {[%emt 0:04:50]} Bf5 {[%emt 0:05:15]} 12. g4 {[%emt 0:08:00]} Nxd2 {[%emt 0:00:10]} 13. Qxd2 {[%emt 0:00:12]} Bxg4 {[%emt 0:01:18]} 14. Qxd5 {[%emt 0:00:53]} Qxd5 {[%emt 0:04:01]} 15. Bxd5 {[%emt 0:00:08]} Rab8 {[%emt 0:00:06]} 16. f3 {[%emt 0:04:45]} Bf5 {[%emt 0:05:32]} 17. e4 {[%emt 0:02:09]} Bd7 {[%emt 0:07:24]} 18. a4 {[%emt 0:04:04]} Rfd8 {[%emt 0:04:36]} 19. Rfd1 {[%emt 0:01:22]} Bh6 {[%emt 0:00:40]} 20. Bc1 {[%emt 0:01:36]} Bxc1 {[%emt 0:00:47]} 21. Raxc1 {[%emt 0:00:33]} e6 {[%emt 0:07:43]} 22. Bc4 {[%emt 0:00:06]} Bc6 {[%emt 0:00:02]} 23. Kf2 {[%emt 0:01:17]} Kf8 {[%emt 0:00:30]} 24. Ke3 {[%emt 0:00:06]} Ke7 {[%emt 0:00:09]} 25. h4 {[%emt 0:00:38]} Rxd1 {[%emt 0:02:27]} 26. Rxd1 {[%emt 0:00:06]} Rd8 {[%emt 0:00:02]} 27. Rxd8 {[%emt 0:00:50]} Kxd8 {[%emt 0:00:04]} 28. h5 {[%emt 0:00:39]} g5 {[%emt 0:03:36]} 29. h6 {[%emt 0:09:25]} Ke7 {[%emt 0:00:07]} 30. f4 {[%emt 0:00:13]} gxf4+ {[%emt 0:02:12]} 31. Kxf4 {[%emt 0:00:07]} Kf8 {[%emt 0:00:37]} 32. Bd3 {[%emt 0:00:51]} Ke7 {[%emt 0:00:11]} 33. Kg5 {[%emt 0:00:09]} b6 {[%emt 0:00:22]} 34. Kf4 {[%emt 0:01:08]} Kf8 {[%emt 0:00:38]} 35. c3 {[%emt 0:02:06]} Ke7 {[%emt 0:00:26]} 36. Kg5 {[%emt 0:00:35]} a5 {[%emt 0:01:00]} 37. c4 {[%emt 0:01:52]} 1/2-1/2

[Event "HUN-chT 2017-18"]
[Site "Budapest"]
[Date "2018.05.05"]
[Round "8"]
[White "Turzo, Attila"]
[Black "Torma, Robert"]
[Result "1/2-1/2"]
[WhiteElo "2284"]
[BlackElo "2459"]
[Annotator "TA"]
[PlyCount "44"]
[EventDate "2018.??.??"]
[EventType "team-tourn"]
[EventCountry "HUN"]
[SourceTitle "playchess.com"]
[Source "ChessBase"]
[SourceQuality "1"]

{[%evp 16,44,62,54,91,63,110,37,38,4,9,0,0,0,0,0,0,0,0,0,0,0,0,0,0,0,0,0,0,0,0]} 1. d4 Nf6 2. Bf4 d5 3. e3 c5 4. c3 Nc6 5. Nd2 g6 (5... Bf5 6. Ngf3 e6 7. Be2 Bd6 8. dxc5 Bxc5 9. Nd4 Bg6 10. Qa4 O-O 11. Nxc6 bxc6 12. Qxc6 Rc8 13. Qa4 Re8 14. O-O e5 {0-1 (57) Le,Q (2737)-Ding,L (2777) Riadh 2017}) 6. h3 {D00: 1 d4 d5: Unusual lines} Bg7 7. Ngf3 O-O 8. dxc5 a5 9. a4 {LiveBook: 4 Games} Be6 $146 ({Predecessor:} 9... Bf5 10. Nd4 Nd7 11. N2b3 Be4 12. Bg3 e5 13. Nb5 d4 14. Nd6 Bd5 15. c4 Be6 16. Nxb7 Qb8 17. Nd6 Qb4+ 18. Nd2 dxe3 19. fxe3 Nxc5 20. Qf3 Rad8 21. Qxc6 Nb3 {0-1 (21) Mozes,E (2197)-Gledura,B (2407) Arad 2014}) 10. Bb5 Nd7 11. Nd4 ({Better is} 11. Nb3 $16) 11... Nxc5 $14 12. Nxe6 ({But not} 12. Nxc6 bxc6 13. Bxc6 Nd3+ 14. Kf1 Rc8 $17) 12... Nxe6 {The position is equal.} 13. Bh2 Qb6 14. Qb3 Rfd8 15. Be2 Qa7 16. O-O Rac8 17. Rfd1 Nc5 18. Qb5 e6 19. Nb3 Ne4 20. Nd2 Nc5 21. Nb3 Ne4 22. Nd2 Nc5 {Precision: White = 68%, Black = 79%.} 1/2-1/2